000 00655nam a2200217Ia 4500
003 GCL
008 140319s9999 xx 000 0 ara d
020 _a6352301977
040 _aGCL /
_cGCL
082 0 4 _a810.9
_bن ر
100 1 _aنبيل راغب
245 1 0 _aرشاد رشدى /
_cنبيل راغب
260 _aالقاهرة :
_bالهيئة المصرية العامة للكتاب ،
_c1993
300 _a311 ص ؛
_c19 سم
490 _aنقاد الادب
_v12
650 0 4 _aالادب العربى
650 0 4 _aالمقالات العربية
650 0 4 _aرشاد رشدى
650 0 4 _aتاريخ ونقد
942 _2ddc
_cBK
999 _c36007
_d36007